000 01065nam a22003017a 4500
999 _c13298
_d13298
001 23161
003 MIRAKIL
005 20190611160744.0
008 190611b tu ||||| |||| 00| 0 tur d
035 _a20746
040 _aTR-AnCHP
_btur
_cTR-AnCHP
041 _atur
082 _aCHP 363.7
_bC36d 2018
090 _aBROŞÜR 543
110 _aCumhuriyet Halk Partisi (CHP)
_bDoğa Haklarından sorumlu Genel Başkan Yardımcılığı
245 _aDoğa hakları raporu 2018 /
_cCHP Doğa Haklarından sorumlu Genel Başkan Yardımcılığı
260 _aAnkara:
_bCHP,
_c2018.
300 _a52 s.
_brnk. ; hrt.
_c21 sm.
440 _aCHP İnsan ve Doğa Hakları yayınlar
_pBroşürler
610 _aCumhuriyet Halk Partisi (CHP)
_xraporlar
_xDoğa hakaları
650 _aÇevre sorunları
_xTürkiye
650 _a Çevre politikaları
_xAKP iktidarı
830 _aCHP broşürleri
856 _zDijital Nüshası için Partimizin Kütüphane Sorumlusu ile iletişime geçiniz.
942 _2ddc
_cVIS
999 _d13297